000 00270nam a22001217a 4500
008 170823b xxu||||| |||| 00| 0 eng d
041 _aeng
080 _a51
100 _a38
101 _aMAT
245 _aCALCULUS ITS APPLICATIONS
_cGOLDESTEIN.L
942 _2udc
_cBK
999 _c24626
_d24626